[Event "Chigorin Memorial 27th"]
[Site "St Petersburg"]
[Date "2019.10.08"]
[Round "4"]
[White "Khlebovich, Alexander"]
[Black "Khalifman, Alexander"]
[Result "1/2-1/2"]
[WhiteElo "2398"]
[BlackElo "2614"]
[PlyCount "20"]
[EventDate "2019.10.05"]
[EventType "swiss"]
[EventRounds "9"]
[EventCountry "RUS"]
[SourceTitle "EXT 2020"]
[Source "ChessBase"]
[SourceDate "2019.10.17"]
[SourceVersion "1"]
[SourceVersionDate "2019.10.17"]
[SourceQuality "1"]

1. d4 Nf6 2. Nf3 g6 3. g3 Bg7 4. Bg2 d5 5. O-O O-O 6. c4 c6 7. cxd5 cxd5 8. Nc3
Ne4 9. Ng5 Nf6 10. Nf3 Ne4 1/2-1/2

[Event "Chigorin Memorial 27th"]
[Site "St Petersburg"]
[Date "2019.10.09"]
[Round "5"]
[White "Khalifman, Alexander"]
[Black "Obgolts, Erik"]
[Result "1-0"]
[WhiteElo "2614"]
[BlackElo "2352"]
[PlyCount "59"]
[EventDate "2019.10.05"]
[EventType "swiss"]
[EventRounds "9"]
[EventCountry "RUS"]
[SourceTitle "EXT 2020"]
[Source "ChessBase"]
[SourceDate "2019.10.17"]
[SourceVersion "1"]
[SourceVersionDate "2019.10.17"]
[SourceQuality "1"]

1. d4 Nf6 2. c4 g6 3. Nc3 Bg7 4. e4 d6 5. Nf3 O-O 6. Be2 Bg4 7. Be3 Nfd7 8. O-O
Nc6 9. d5 Bxf3 10. Bxf3 Na5 11. Be2 Bxc3 12. bxc3 e5 13. dxe6 fxe6 14. f4 b6
15. Bd3 Qe7 16. Qe2 Nc5 17. Bxc5 dxc5 18. e5 Rad8 19. Rf3 Qf7 20. Raf1 Nc6 21.
h4 Ne7 22. h5 gxh5 23. Rh3 Nf5 24. Rxh5 Rxd3 25. Rg5+ Kh8 26. Qxd3 h6 27. Qh3
Qh7 28. Rh5 Rg8 29. g4 Qg6 30. Kh2 1-0

[Event "Puhajarve rap op 20th"]
[Site "Puhajarve"]
[Date "2019.11.29"]
[Round "6"]
[White "Khalifman, Alexander"]
[Black "Petursson, Margeir"]
[Result "1/2-1/2"]
[WhiteElo "2608"]
[BlackElo "2464"]
[PlyCount "51"]
[EventDate "2019.11.29"]
[EventType "tourn (rapid)"]
[EventRounds "35"]
[EventCountry "EST"]
[SourceTitle "CBM 193 Extra"]
[Source "ChessBase"]
[SourceDate "2020.01.31"]
[SourceVersion "1"]
[SourceVersionDate "2020.01.31"]
[SourceQuality "1"]

1. d4 Nf6 2. c4 e6 3. Nf3 Bb4+ 4. Bd2 a5 5. g3 d6 6. Bg2 Nbd7 7. O-O e5 8. e3
Bxd2 9. Nfxd2 O-O 10. Nc3 c6 11. Nde4 Nxe4 12. Nxe4 Nf6 13. Nc3 Be6 14. b3 Qe7
15. Qd2 h6 16. h3 Rfe8 17. Kh2 Bf5 18. e4 exd4 19. Qxd4 Bh7 20. Rad1 Qe5 21. f4
Qxd4 22. Rxd4 c5 23. Rxd6 Nxe4 24. Nxe4 Bxe4 25. Rd7 a4 26. Rf2 1/2-1/2

[Event "Puhajarve rap op 20th"]
[Site "Puhajarve"]
[Date "2019.11.30"]
[Round "12"]
[White "Khalifman, Alexander"]
[Black "Uurits, Karel"]
[Result "1-0"]
[WhiteElo "2608"]
[BlackElo "1730"]
[PlyCount "93"]
[EventDate "2019.11.29"]
[EventType "tourn (rapid)"]
[EventRounds "35"]
[EventCountry "EST"]
[SourceTitle "CBM 193 Extra"]
[Source "ChessBase"]
[SourceDate "2020.01.31"]
[SourceVersion "1"]
[SourceVersionDate "2020.01.31"]
[SourceQuality "1"]

1. d4 d5 2. c4 e6 3. Nf3 Nf6 4. g3 Be7 5. Bg2 O-O 6. O-O Nbd7 7. Qc2 h6 8. Rd1
dxc4 9. Qxc4 Nb6 10. Qc2 c6 11. Nc3 Qc7 12. Bf4 Bd6 13. Bxd6 Qxd6 14. e4 Qe7
15. a4 Rd8 16. Ne5 Qb4 17. Nd3 Qe7 18. a5 Nbd7 19. e5 Nd5 20. Nxd5 exd5 21. a6
Nf8 22. axb7 Bxb7 23. Nc5 Ne6 24. Ra5 Nxc5 25. Qxc5 Qxc5 26. Rxc5 Re8 27. Ra1
Re7 28. f4 g6 29. Kf2 Kf8 30. Ke3 Ke8 31. Bf1 Kd8 32. Bd3 Ke8 33. g4 g5 34. f5
Kd7 35. f6 Ree8 36. Rca5 Kc7 37. Rxa7 Rxa7 38. Rxa7 Kb6 39. Ra3 Rb8 40. b4 Bc8
41. Bf5 Ba6 42. Kd2 Rf8 43. h4 Rh8 44. Rh3 Bf1 45. Rh2 Ba6 46. hxg5 Kc7 47.
gxh6 1-0

[Event "Puhajarve rap op 20th"]
[Site "Puhajarve"]
[Date "2019.11.30"]
[Round "14"]
[White "Blomqvist, Erik"]
[Black "Khalifman, Alexander"]
[Result "1/2-1/2"]
[WhiteElo "2523"]
[BlackElo "2608"]
[PlyCount "34"]
[EventDate "2019.11.29"]
[EventType "tourn (rapid)"]
[EventRounds "35"]
[EventCountry "EST"]
[SourceTitle "CBM 193 Extra"]
[Source "ChessBase"]
[SourceDate "2020.01.31"]
[SourceVersion "1"]
[SourceVersionDate "2020.01.31"]
[SourceQuality "1"]

1. e4 c6 2. d4 d5 3. exd5 cxd5 4. Bd3 Nf6 5. c3 Bg4 6. Qb3 Qc7 7. h3 Bh5 8. Be3
e6 9. Nd2 Nc6 10. Ngf3 Bd6 11. O-O O-O 12. Rfe1 a6 13. Rac1 Bg6 14. Bxg6 hxg6
15. Qd1 b5 16. Qe2 Na5 17. Nb3 Nc4 1/2-1/2

[Event "Puhajarve rap op 20th"]
[Site "Puhajarve"]
[Date "2019.11.30"]
[Round "18"]
[White "Nyback, Tomi"]
[Black "Khalifman, Alexander"]
[Result "0-1"]
[WhiteElo "2559"]
[BlackElo "2608"]
[PlyCount "76"]
[EventDate "2019.11.29"]
[EventType "tourn (rapid)"]
[EventRounds "35"]
[EventCountry "EST"]
[SourceTitle "CBM 193 Extra"]
[Source "ChessBase"]
[SourceDate "2020.01.31"]
[SourceVersion "1"]
[SourceVersionDate "2020.01.31"]
[SourceQuality "1"]

1. d4 d5 2. c4 c6 3. Nf3 Nf6 4. e3 g6 5. Nc3 Bg7 6. Be2 O-O 7. O-O dxc4 8. Bxc4
Bg4 9. h3 Bxf3 10. Qxf3 Nbd7 11. Rd1 e5 12. dxe5 Nxe5 13. Qe2 Qe7 14. Bb3 Ned7
15. e4 Rfe8 16. Bc2 Nc5 17. Re1 Nfd7 18. Be3 Rad8 19. Rad1 a5 20. f3 h5 21. Qf2
b5 22. Bc1 Nf8 23. f4 Bxc3 24. bxc3 Rxd1 25. Rxd1 Nxe4 26. Qd4 Ng3 27. Bd3 Ne2+
28. Bxe2 Qxe2 29. f5 gxf5 30. Rf1 Qe4 31. Qf2 Ng6 32. Ba3 Qe3 33. Bc5 Qxf2+ 34.
Rxf2 Re1+ 35. Kh2 f4 36. Rd2 Kg7 37. Bd4+ f6 38. Rf2 h4 0-1

[Event "Puhajarve rap op 20th"]
[Site "Puhajarve"]
[Date "2019.11.30"]
[Round "20"]
[White "Dubrovin, Robert"]
[Black "Khalifman, Alexander"]
[Result "1/2-1/2"]
[WhiteElo "2215"]
[BlackElo "2608"]
[PlyCount "50"]
[EventDate "2019.11.29"]
[EventType "tourn (rapid)"]
[EventRounds "35"]
[EventCountry "EST"]
[SourceTitle "CBM 193 Extra"]
[Source "ChessBase"]
[SourceDate "2020.01.31"]
[SourceVersion "1"]
[SourceVersionDate "2020.01.31"]
[SourceQuality "1"]

1. d4 Nf6 2. c4 g6 3. Nc3 d5 4. Nf3 Bg7 5. e3 O-O 6. b4 Be6 7. c5 Nbd7 8. Be2
a5 9. bxa5 Ne4 10. Bd2 Ndxc5 11. Rc1 Nxd2 12. Qxd2 Ne4 13. Nxe4 dxe4 14. Ng5
Bd5 15. Bc4 e6 16. Nh3 c6 17. Bxd5 exd5 18. Rb1 Qxa5 19. Qxa5 Rxa5 20. Rxb7 c5
21. dxc5 Bc3+ 22. Kf1 Rxa2 23. g3 Rc8 24. Kg2 Rxc5 25. Rd1 Ra1 1/2-1/2

[Event "EU-ch rapid"]
[Site "Tallinn"]
[Date "2019.12.05"]
[Round "1"]
[White "Khalifman, Alexander"]
[Black "Navumenka, Mikhei"]
[Result "1/2-1/2"]
[WhiteElo "2577"]
[BlackElo "1959"]
[PlyCount "93"]
[EventDate "2019.12.05"]
[EventType "swiss"]
[EventRounds "13"]
[EventCountry "EST"]
[SourceTitle "CBM 193 Extra"]
[Source "ChessBase"]
[SourceDate "2020.01.31"]
[SourceVersion "1"]
[SourceVersionDate "2020.01.31"]
[SourceQuality "1"]

1. d4 Nf6 2. c4 e6 3. g3 d5 4. Bg2 Bb4+ 5. Nd2 O-O 6. Ngf3 c5 7. O-O cxd4 8.
Nxd4 Nc6 9. N2f3 Bd6 10. Bg5 Be7 11. Rc1 h6 12. Bf4 Bd7 13. Nxc6 Bxc6 14. Ne5
Rc8 15. a3 Bd6 16. cxd5 exd5 17. Nxc6 bxc6 18. Bxd6 Qxd6 19. Qa4 Rc7 20. Rfd1
Rd8 21. e4 Qe5 22. Qd4 Qxd4 23. Rxd4 Rdc8 24. exd5 cxd5 25. Rxc7 Rxc7 26. Kf1
Rc2 27. Bxd5 Rxb2 28. Bc4 g6 29. a4 Kg7 30. Bb5 Rc2 31. Ke1 h5 32. h3 Kf8 33.
Rc4 Rxc4 34. Bxc4 Ke7 35. Ke2 Nd7 36. Ke3 f6 37. Kd4 Kd6 38. f4 g5 39. h4 gxf4
40. gxf4 a5 41. Be2 Nc5 42. Bb5 Ne6+ 43. Ke4 Ng7 44. f5 Kc5 45. Bd7 Kd6 46. Bc8
Ne8 47. Be6 1/2-1/2